000 01444cad a22002655a 4500
001 L153305
008 110708s2011 xxk 000 0 eng d
020 _a9781842196823
035 _a(Sirsi) u153305
041 0 _aeng
050 0 4 _a690 $2 20
110 2 _aRoyal Institution of Chartered Surveyors
_94900
245 0 0 _aDefining completion of construction works
_h[electronic resource]
260 _aCoventry
_bRICS
_c2011
490 _aRICS Guidance Note
_v(GN 77/2011)
490 0 _aRICS Black Book
520 _aThis guidance note summarises the principal features of completion of construction works under a variety of construction contracts. It is intended to be of use to surveyors who are certifying, or providing services in consequence of or in relation to, completion of construction works. Guidance is given under the following headings which map to the Assessment of Professional Competence (APC): General Principles (Level 1: Knowing), Practical Application (Level 2: Doing) and Practical Considerations (Level 3: Doing/Advising).
590 _aKA
650 2 4 _aRICS BLACK BOOK
650 2 4 _aRICS QS AND CONSTRUCTION STANDARDS
651 4 _aUnited Kingdom
690 _aBUILT ENVIRONMENT-CONSTRUCTION MANAGEMENT
856 4 0 _uhttps://www.rics.org/uk/upholding-professional-standards/sector-standards/construction/black-book/defining-completion-on-construction-works/
_zAvailable free on RICS.org
942 _n0
_2ddc
999 _c112459
_d112459